中国各年代男女新生儿使用最多的名字 Most used names for newborn boys and girls in China - Statistics

General Stats
  • This quiz has been taken 148 times
  • The average score is 34 of 160
Answer Stats
年代 性别 姓名 % Correct
1959前 | 1960-69 建国
81%
1960-69 | 1970-79 | 1980-89 | 1990-99
63%
2010-19 女 | 男 子涵
58%
1959前 | 1960-69 | 1970-79 | 1980-89
55%
1960-69 | 1970-79 | 1980-89 | 1990-99
54%
1960-69 | 1970-79
51%
1960-69 | 1970-79 | 1980-89 | 1990-99
51%
1959前
48%
1960-69 | 1970-79 建军
48%
1990-99 | 2000-09
40%
2010-19 子轩
39%
2010-19 | 2020 梓涵
37%
1960-69 | 1970-79
35%
2000-09
35%
1980-89 | 1990-99 | 2000-09
34%
1970-79 | 1980-89
33%
1959前 | 1960-69
30%
1960-69 | 1970-79 | 1980-89
29%
1980-89 | 1990-99
29%
1970-79
27%
1970-79 | 1980-89 | 1990-99 | 2000-09
26%
1970-79 | 1980-89 | 1990-99 | 2000-09
23%
1990-99 | 2000-09
23%
1959前 | 1960-69 建华
22%
1960-69 | 1970-79 | 1980-89 | +2 others
22%
1970-79 | 1980-89
22%
1960-69
20%
2010-19 子豪
20%
2010-19 紫涵
19%
1980-89 | 1990-99
18%
1980-89
18%
1990-99 | 2000-09
18%
1970-79
17%
2000-09 | 2010-19 | 2020 浩然
17%
1960-69 | 1970-79
16%
1980-89
16%
1959前 | 1960-69 秀英
15%
1980-89 | 1990-99 | 2000-09
15%
1970-79 | 1980-89
14%
1970-79 | 1980-89 | 1990-99
14%
2010-19 | 2020 一诺
14%
1990-99 | 2000-09
13%
2000-09
13%
1980-89 | 1990-99 | 2000-09
12%
2010-19 | 2020 宇轩
12%
2000-09 | 2010-19 俊杰
11%
2000-09 | 2010-19 | 2020 欣怡
11%
1970-79
10%
1990-99 | 2000-09
10%
1990-99 | 2000-09 婷婷
10%
2000-09
10%
2010-19 | 2020 宇航
10%
1970-79 红梅
9%
1980-89 | 1990-99
9%
2010-19 梓萱
9%
2010-19 雨涵
9%
1959前 国华
7%
1959前 | 1960-69 秀兰
7%
2010-19 | 2020 浩宇
7%
1959前 | 1960-69 建平
6%
1959前 | 1960-69 玉兰
6%
1990-99
6%
2000-09 | 2010-19 佳怡
6%
2010-19 浩轩
6%
2020 子墨
6%
2020 梓豪
6%
1959前 和平
5%
1959前 桂兰
5%
2010-19 诗涵
5%
2020 宇辰
5%
1959前 兰英
4%
1959前 志明
3%
1959前 | 1960-69 桂英
3%
2010-19 皓轩
3%
2020 可欣
3%
2020 梦瑶
3%
1959前 秀珍
2%
1959前 凤英
2%
1959前 玉珍
2%
1959前 玉英
2%
1960-69 玉梅
2%
2000-09 | 2010-19 雨欣
2%
2020 奕辰
2%
2020 依诺
2%
2020 语桐
2%
2020 雨桐
2%
1959前 德明
1%
2020 亦辰
1%
2020 亦宸
1%
2020 欣妍
1%
2020 语汐
1%
No matching quizzes found
Score Distribution
Percent of People with Each Score
Percentile by Number Answered
Your Score History
You have not taken this quiz